| 000 | 01054nam0a22002531 4500 | ||
|---|---|---|---|
| 001 | rc\3757460 | ||
| 005 | 20260408073006.0 | ||
| 021 |
_aRU _bРг411-71 |
||
| 021 |
_aRU _b70-37462 |
||
| 035 | _a(NLR Aleph) 007793775 | ||
| 090 |
_a7660937 _c7660937 |
||
| 100 | _a20130115d1970 |||y0rusy50 ca | ||
| 101 | 0 | _arus | |
| 102 | _aRU | ||
| 105 | _ay c ||||| | ||
| 200 | 1 |
_aПеречень документальных материалов, образующихся в деятельности Государственного комитета лесного хозяйства Совета Министров СССР и органов его системы, с указанием сроков хранения материалов _eУтв. авг.1969 г. |
|
| 210 |
_aМосква _cБ. и. _d1970 |
||
| 215 |
_a112 с. _d23 |
||
| 710 | 0 | 1 |
_aСССР _bКомитет по лесному хозяйству _3RU\NLR\AUTH\8810063286 _9628174 |
| 801 | 0 |
_aRU _bNLR _gpsbo |
|
| 801 | 1 |
_aRU _bELAR _2rusmarc |
|
| 852 |
_aNLR _j70-5/3734 |
||
| 942 | _cBOOK | ||
| 980 | _aNB | ||